Представление документа в формате RUSMARC

ПолеНазваниеЗначение
  Тип записи a
  Библиографический уровень m
001 Контрольный номер UONB/MAIN/d86c165a407a4f3d91367e79e8293cc3
005 Дата корректировки 20260429164933.5
010 Индекс ISBN __
d Цена 85 к.
9 Тираж 2000 экз.
100 Данные общей обработки __
a Данные общей обработки 20260429d1978 u y0rusy0189 ca
101 Язык документа 0_
a Язык текста rus
102 Страна публикации __
a Страна публикации RU
105 Кодированные данные (монография) __
a Кодированные данные (монография) a z 000yy
203 Вид содержания и тип средства __
a Вид содержания Текст
b Характеристика содержания визуальный
c Тип средства непосредственный
327 Примечание о содержании 01
a Примечание о содержании Содерж.:
686 Индексы других классификаций __
2 Код системы rubbk
710 Наименование организации. (Первичная ответственность) 02
a Организация/ юрисдикция Шушканова, Людмила Николаевна
b Другие уровни Выставка работ
e Место проведения Москва
f Дата проведения 1978
4 Код отношения 570
711 Наименование организации. (Альтернативная ответственность) 12
a Организация/ юрисдикция Шушканов, Дмитрий Николаевич
801 Источник записи _0
a Страна RU
b Организация Ульяновская ОНБ
c Дата составления 20260429
g Правила каталогизации RCR
801 Источник записи _1
a Страна RU
b Организация Ульяновская ОНБ
c Дата составления 20260429
g Правила каталогизации RCR
901 Тип документа __
t Тип документа m
909 Создатель записи __
b Дата создания записи 20260429